000 01907nam0a2200349 4500
001 RU\NLR\BIBL_A\022315004
005 20260420014231.0
010 _a978-5-907830-19-6
_9500
021 _aRU
_bКН-П-24-043732
_9КН-П-24-4358
035 _a(NLR Aleph) 022315004
090 _a13664590
_c13664590
100 _a20240905d2024 u y0rusy50 ca
101 0 _arus
102 _aRU
105 _ay|||j|||000yy
181 0 _ai
_baxxe
182 0 _an
200 1 _aВведение в зарубежное регионоведение
_eучебно-методическое пособие по курсу "Введение в зарубежное регионоведение" для студентов, обучающихся по направлению 41.03.01 "Зарубежное регионоведение"
_fИ. К. Калимонов, М. З. Галиуллин, В. Р. Сагитова
203 _aТекст
_bвизуальный
_cнепосредственный
210 _aЧебоксары
_cСреда
_d2024
215 _a211 с.
_d21
300 _aНа обороте тит. с. авт.: Калимонов И. К., Калиуллин М. З., кандидаты ист. наук, доценты, Сагитова В. Р., канд. психол. наук, доц.
320 _aБиблиогр.: с. 185—211 и в подстроч. примеч.
606 1 _aРегионоведение
_jУчебные издания для высших учебных заведений
_92480366
_3RU\NLR\AUTH\661472480
686 1 _aФ3(0)4я73
700 1 _aКалимонов
_bИ. К.
_gИльдар Кимович
701 1 _aГалиуллин
_bМ. З.
_f1980-
_gМарат Зуфарович
701 1 _aСагитова
_bВ. Р.
_gВиктория Равильевна
942 _cBOOK
980 _aNB